Weird Al Yankovic - Bob Palindromes - Statistics

General Stats
  • This quiz has been taken 18 times
  • The average score is 28 of 38
Answer Stats
Answer % Correct
A dog, a panic, in a pagoda
80%
A Toyota's a Toyota
80%
Do geese see God?
80%
Do nine men interpret? "Nine men", I nod
80%
God! A red nugget! A fat egg under a dog
80%
Go hang a salami, I'm a lasagna hog
80%
I man am regal, a German am I
80%
Lonely Tylenol
80%
Madam, I'm Adam
80%
Not a banana baton
80%
Oozy rat in a sanitary zoo
80%
Race fast safe car
80%
Rats live on no evil star
80%
Too hot to hoot
80%
Was it a car or a cat I saw?
80%
Ah, Satan sees Natasha
70%
If I had a hi-fi
70%
Lisa Bonet ate no basil
70%
Ma is as selfless as I am
70%
May a moody baby doom a yam?
70%
"Naomi", I moan
70%
Never odd or even
70%
No devil lived on
70%
No lemons, no melon
70%
No "x" in "Nixon"
70%
O Geronimo, no minor ego
70%
O stone, be not so
70%
Pa's a sap
70%
Rise to vote, sir
70%
Too bad I hid a boot
70%
UFO tofu
70%
Warsaw was raw
70%
We panic in a pew
70%
Won't lovers revolt now?
70%
Now I see bees I won
60%
Nurse, I spy gypsies–run!
60%
Oh, no! Don Ho!
60%
Senile felines
60%
No matching quizzes found
Score Distribution
Percent of People with Each Score
Percentile by Number Answered
Your Score History
You have not taken this quiz